LEADER 01296nam0M2200457--I450- 001 990002816930203316 005 20080114123647.0 010 $a88-430-2547-3 020 $b2004-7929 035 $a000281693 035 $aUSA01000281693 035 $a(ALEPH)000281693USA01 035 $a000281693 100 $a20060920d2003----||itac50 ba 101 $aita$apro 102 $aIT 105 $a||||||||001yy 200 1 $aPoesie$fFolquet de Marselha$ga cura di Paolo Squillacioti 210 $aRoma$cCarocci$d2003 215 $a243 p.$d18 cm 225 0 $aBiblioteca medievale$v86 300 $aTrad. italiana a fronte 410 1$aBiblioteca medievale$v86$12001 454 1$12001 461 1$1001-------$12001 676 $a849.12$v21 700 0$aFolquet : de Marselha$0481475 702 1$aSQUILLACIOTI,$bPaolo 801 0$aIT$bsalbc$gISBD 801 0$aIT$bICCU$c20060226 912 $a990002816930203316 951 $aIII.8.COLL.1/86$b6756 DSLL 959 $aBK 969 $aDSLL 979 $aDSLL1$b90$c20060920$lUSA01$h1609 979 $aDSLL1$b90$c20060920$lUSA01$h1614 979 $aDSLL1$b90$c20070123$lUSA01$h1648 979 $aDSLL1$b90$c20070502$lUSA01$h0858 979 $aDSLL$b90$c20080114$lUSA01$h1236 996 $aPoesie$9253847 997 $aUNISA LEADER 00992nam a2200301 i 4500 001 991000819749707536 005 20020506124723.0 008 960309s1987 ne ||| | eng 035 $ab10134104-39ule_inst 035 $aLE00637382$9ExL 040 $aDip.to Fisica$bita 084 $a52.9.56 084 $a53.5.4 084 $a523.02 084 $aQB450 100 1 $aTarafdar, S.$0461145 245 10$aAstrochemistry /$cedited by S. Tarafdar and M. Vardya 260 $aDordrecht :$bD. Reidel Publ. Co.,$c1987 300 $axxv, 613 p. :$bill. ;$c25 cm. 490 0 $aInternational Astronomical Union Symposium ;$v120 650 4$aCosmochemistry 700 1 $aVardya, M. 907 $a.b10134104$b17-02-17$c27-06-02 912 $a991000819749707536 945 $aLE006 52.9.54 VAR$g1$i2006000029087$lle006$o-$pE0.00$q-$rl$s- $t0$u0$v0$w0$x0$y.i10157748$z27-06-02 996 $aAstrochemistry$9185389 997 $aUNISALENTO 998 $ale006$b01-01-96$cm$da $e-$feng$gne $h0$i1 LEADER 01054nam 2200205zu 450 001 996695675403316 005 20260108110201.0 035 $a(CKB)37908066900041 035 $a(UnM)99851310 035 $a(EXLCZ)9937908066900041 100 $a20250319|1623uuuu || | 101 0 $aeng 135 $aur||||||||||| 200 10$aAnswer To Mr. Fisher The Iesuite, His Fiue Propositions Concerning Luther. By Mr. Rogers, That Worthy Oxford Diuine. Vvith Some Passages Also Of The Said Mr. Rogers With The Said Mr. Fisher. Hereunto Is Annexed Mr. Vv.C. His Dialogue Of The Said Argument, Wherein Is Discouered Fishers Folly 210 $cProQuest, UMI$d1623 700 $aRogers$0838376 906 $aBOOK 912 $a996695675403316 996 $aAnswer To Mr. Fisher The Iesuite, His Fiue Propositions Concerning Luther. By Mr. Rogers, That Worthy Oxford Diuine. Vvith Some Passages Also Of The Said Mr. Rogers With The Said Mr. Fisher. Hereunto Is Annexed Mr. Vv.C. His Dialogue Of The Said Argument, Wherein Is Discouered Fishers Folly$94503051 997 $aUNISA